MARC details
| 000 -LEADER |
| fixed length control field |
01038 a2200325 4500 |
| 001 - CONTROL NUMBER |
| control field |
71351 |
| 003 - CONTROL NUMBER IDENTIFIER |
| control field |
TR-AnTOB |
| 005 - DATE AND TIME OF LATEST TRANSACTION |
| control field |
20241108195926.0 |
| 008 - FIXED-LENGTH DATA ELEMENTS--GENERAL INFORMATION |
| fixed length control field |
110502s1998 tu h b 000 0 d |
| 040 ## - CATALOGING SOURCE |
| Original cataloging agency |
IWA |
| Transcribing agency |
IWA |
| Modifying agency |
QCL |
| 041 ## - LANGUAGE CODE |
| Language code of text/sound track or separate title |
İngilizce |
| 050 ## - LIBRARY OF CONGRESS CALL NUMBER |
| Classification number |
DS195.5 |
| Item number |
.A76 2007 |
| 090 ## - LOCALLY ASSIGNED LC-TYPE CALL NUMBER (OCLC); LOCAL CALL NUMBER (RLIN) |
| Classification number (OCLC) (R) ; Classification number, CALL (RLIN) (NR) |
DS195.5 .A76 2007 |
| 245 #0 - TITLE STATEMENT |
| Title |
Armenian claims and historical facts : |
| Remainder of title |
questions and answers. |
| 246 ## - VARYING FORM OF TITLE |
| Title proper/short title |
Armenian allegations and historical facts. |
| 264 #1 - PRODUCTION, PUBLICATION, DISTRIBUTION, MANUFACTURE, AND COPYRIGHT NOTICE |
| Place of production, publication, distribution, manufacture |
Ankara : |
| Name of producer, publisher, distributor, manufacturer |
Center for Strategic Research, |
| Date of production, publication, distribution, manufacture, or copyright notice |
2007. |
| 300 ## - PHYSICAL DESCRIPTION |
| Extent |
72 p.: |
| Other physical details |
facsims.; |
| Dimensions |
27 cm. |
| 504 ## - BIBLIOGRAPHY, ETC. NOTE |
| Bibliography, etc. note |
|
| 650 #7 - SUBJECT ADDED ENTRY--TOPICAL TERM |
| Topical term or geographic name entry element |
Ermeniler |
| Geographic subdivision |
Türkiye |
| Source of heading or term |
etuturkob |
| 9 (RLIN) |
6426 |
|
| Topical term or geographic name entry element |
Armenians |
| Geographic subdivision |
Turkey |
| 9 (RLIN) |
15004 |
|
| Topical term or geographic name entry element |
Ermeni sorunu |
| 9 (RLIN) |
6430 |
|
| Topical term or geographic name entry element |
Armenian question |
| Source of heading or term |
|
| 9 (RLIN) |
9838 |
| 651 ## - SUBJECT ADDED ENTRY--GEOGRAPHIC NAME |
| Geographic name |
Türkiye |
| General subdivision |
Tarih |
| Chronological subdivision |
Mehmed V, 1909-1918 |
| 9 (RLIN) |
20755 |
|
| Geographic name |
Turkey |
| General subdivision |
History |
| Chronological subdivision |
Mehmed V, 1909-1918 |
| 9 (RLIN) |
20753 |
| 740 ## - ADDED ENTRY--UNCONTROLLED RELATED/ANALYTICAL TITLE |
| Uncontrolled related/analytical title |
Armenian allegations and historical facts. |
| 902 ## - LOCAL DATA ELEMENT B, LDB (RLIN) |
| a |
0024702 |
| 903 ## - LOCAL DATA ELEMENT C, LDC (RLIN) |
| a |
Merkez Kütüphane |
| 945 ## - LOCAL PROCESSING INFORMATION (OCLC) |
| a |
?, SA |
| 942 ## - ADDED ENTRY ELEMENTS (KOHA) |
| Koha item type |
Book |